Normal view
MARC view
- Grant, Hiram E
Entry Personal Name
001 - CONTROL NUMBER
- control field: 7314
003 - CONTROL NUMBER IDENTIFIER
- control field: OSt
005 - DATE AND TIME OF LATEST TRANSACTION
- control field: 20250320155114.0
008 - FIXED-LENGTH DATA ELEMENTS
- fixed length control field: 250320|| aca||aabn | a|a d
040 ## - CATALOGING SOURCE
- Original cataloging agency: OSt
- Transcribing agency: OSt
100 ## - HEADING--PERSONAL NAME
- Personal name: Grant, Hiram E
670 ## - SOURCE DATA FOUND
- Source citation: Work cat.: (OSt)5271: Grant, Hiram E ., Jigs and fixtures: Non-standard clamping devices / , 1990.
